[Event "SUI-ch U16"]
[Site "Belp"]
[Date "2014.06.09"]
[Round "7"]
[White "Catsiapis, Yiannis"]
[Black "Baenziger, Fabian"]
[Result "0-1"]
[WhiteElo "1999"]
[BlackElo "2019"]
[PlyCount "82"]
[EventDate "2014.06.06"]
[EventType "swiss"]
[EventRounds "7"]
[EventCountry "SUI"]
[SourceTitle "EXT 2015"]
[Source "ChessBase"]
[SourceDate "2014.11.20"]
[SourceVersion "1"]
[SourceVersionDate "2014.11.20"]
[SourceQuality "1"]

1. e4 c5 2. Nf3 d6 3. d4 cxd4 4. Nxd4 Nf6 5. Nc3 Nc6 6. Bg5 e6 7. Qd2 a6 8. f4 Bd7 9. 0-0-0 b5 10. Nxc6 Bxc6 11. e5 dxe5 12. Qe1 Qc7 13. fxe5 Nd5 14. Bd3 Rc8 15. Rf1 h6 16. Bh4 g5 17. Bg3 Nxc3 18. Qxc3 Bxg2 19. Qd4 Bxf1 20. Rxf1 Qc5 21. Qg4 Qe3+ 22. Kb1 h5 23. Qd1 h4 24. Bf2 Qh3 25. Qe2 Be7 26. Bb6 g4 27. Be4 g3 28. Bg2 Qxh2 29. Bg1 h3 30. Bxh2 hxg2 31. Qxg2 Rxh2 32. Qxg3 Rcxc2 33. Qg8+ Kd7 34. Rd1+ Kc7 35. Ka1 Rxb2 36. Rc1+ Kb6 37. Qb8+ Ka5 38. Qc7+ Ka4 39. Rc3 Rxa2+ 40. Kb1 Rhb2+ 41. Kc1 Bg5+ 0-1

[Event "SUI-ch U16"]
[Site "Belp"]
[Date "2014.06.06"]
[Round "2"]
[White "Hunter, Damian"]
[Black "Catsiapis, Yiannis"]
[Result "0-1"]
[WhiteElo "1789"]
[BlackElo "1999"]
[PlyCount "143"]
[EventDate "2014.06.06"]
[EventType "swiss"]
[EventRounds "7"]
[EventCountry "SUI"]
[SourceTitle "EXT 2015"]
[Source "ChessBase"]
[SourceDate "2014.11.20"]
[SourceVersion "1"]
[SourceVersionDate "2014.11.20"]
[SourceQuality "1"]

1. c4 c5 2. Nc3 Nc6 3. g3 g6 4. Bg2 Bg7 5. Nf3 e6 6. d3 Nge7 7. 0-0 d5 8. cxd5 exd5 9. Bf4 0-0 10. Qd2 b6 11. Bh6 Bb7 12. Bxg7 Kxg7 13. d4 Rc8 14. Rfd1 Na5 15. Ne5 f6 16. Ng4 Nc4 17. Qc2 h5 18. Ne3 Nxe3 19. fxe3 Nf5 20. Qc1 cxd4 21. exd4 Re8 22. Qf4 Ne3 23. Rd3 Qe7 24. Kf2 Ng4+ 25. Kg1 Rcd8 26. h3 Ne3 27. Kf2 Nf5 28. g4 hxg4 29. hxg4 Nh4 30. Rh1 g5 31. Qg3 Ba6 32. Rd2 Bb7 33. Rd3 Ng6 34. Re3 Qxe3+ 35. Qxe3 Rxe3 36. Kxe3 Nf4 37. Bf3 Re8+ 38. Kd2 Rd8 39. Nd1 Ne6 40. e3 Nf8 41. Nf2 Ng6 42. Rc1 Rd7 43. Nh1 Nh4 44. Be2 Re7 45. Ng3 Kh6 46. Rh1 Kg7 47. Rf1 Re6 48. Nf5+ Nxf5 49. Rxf5 Rd6 50. Bf3 Bc8 51. Rxd5 Rxd5 52. Bxd5 Bxg4 53. Kd3 f5 54. e4 fxe4+ 55. Kxe4 Kf6 56. Ke3 Be6 57. Ke4 Bxd5+ 58. Kxd5 g4 59. Ke4 Ke6 60. Kf4 Kd5 61. Kxg4 Kxd4 62. Kf3 Kd3 63. b3 b5 64. Kf2 b4 65. Ke1 Kc2 66. Ke2 Kb2 67. Kd2 Kxa2 68. Kc2 Ka3 69. Kc1 Kxb3 70. Kb1 a6 71. Ka1 Kc2 72. Ka2 0-1

[Event "SUI-chB"]
[Site "Flims"]
[Date "2012.07.14"]
[Round "3"]
[White "Studer, Noel"]
[Black "Catsiapis, Yiannis"]
[Result "1-0"]
[WhiteElo "2251"]
[BlackElo "1796"]
[PlyCount "59"]
[EventDate "2012.07.12"]
[EventType "swiss"]
[EventRounds "9"]
[EventCountry "SUI"]
[SourceTitle "CBM 149 Extra"]
[Source "ChessBase"]
[SourceDate "2012.08.24"]
[SourceVersion "1"]
[SourceVersionDate "2012.08.24"]
[SourceQuality "1"]

1. e4 e5 2. Nf3 Nc6 3. Bb5 f5 4. Nc3 fxe4 5. Nxe4 Nf6 6. Qe2 d5 7. Nxf6+ gxf6 8. d4 Bg7 9. dxe5 0-0 10. Bxc6 bxc6 11. e6 Re8 12. 0-0 Bxe6 13. Bf4 Qd7 14. Rfe1 Bf7 15. Qd2 Bg6 16. c4 Bf8 17. Rac1 Rxe1+ 18. Rxe1 Rd8 19. Rd1 Be4 20. Qc3 Kf7 21. cxd5 Bxd5 22. Qd3 Kg8 23. Nh4 Bd6 24. Qg3+ Qg7 25. Bxd6 cxd6 26. Qh3 Bxa2 27. b3 Qf7 28. Nf5 Qxb3 29. Qg4+ Kf7 30. Qg7+ 1-0

[Event "SUI-ch U12"]
[Site "Belp"]
[Date "2010.07.04"]
[Round "6"]
[White "Jin, Fabian"]
[Black "Catsiapis, Yiannis"]
[Result "1-0"]
[WhiteElo "1495"]
[BlackElo "1594"]
[PlyCount "73"]
[EventDate "2010.06.29"]
[EventType "swiss"]
[EventRounds "7"]
[EventCountry "SUI"]
[SourceTitle "EXT 2012"]
[Source "ChessBase"]
[SourceDate "2011.11.24"]
[SourceVersion "1"]
[SourceVersionDate "2011.11.24"]
[SourceQuality "1"]

1. e4 e5 2. Nf3 Nc6 3. Bb5 f5 4. Nc3 fxe4 5. Nxe4 Nf6 6. d3 d5 7. Nxe5 Qe7 8. Nxc6 bxc6 9. Bxc6+ Kd8 10. Bxa8 dxe4 11. dxe4+ Ke8 12. 0-0 Ng4 13. Bc6+ Kf7 14. Qf3+ Kg6 15. Bd5 h5 16. h3 a5 17. hxg4 hxg4 18. Qg3 c6 19. Bc4 Qc5 20. Bd3 Qh5 21. f4 Be7 22. Bd2 Kf7 23. Be2 Qh1+ 24. Kf2 Qh5 25. Rh1 Bc5+ 26. Be3 Bxe3+ 27. Qxe3 g3+ 28. Qxg3 Qc5+ 29. Qe3 Qf8 30. Rxh8 Qxh8 31. Qb3+ Ke8 32. Rd1 g5 33. Qb8 Qh4+ 34. Ke3 gxf4+ 35. Qxf4 Qh7 36. Qe5+ Kf7 37. Qc7+ 1-0

[Event "SUI-ch U12"]
[Site "Belp"]
[Date "2010.07.02"]
[Round "2"]
[White "Schweighoffer, Martin"]
[Black "Catsiapis, Yiannis"]
[Result "1-0"]
[WhiteElo "1763"]
[BlackElo "1594"]
[PlyCount "87"]
[EventDate "2010.06.29"]
[EventType "swiss"]
[EventRounds "7"]
[EventCountry "SUI"]
[SourceTitle "EXT 2012"]
[Source "ChessBase"]
[SourceDate "2011.11.24"]
[SourceVersion "1"]
[SourceVersionDate "2011.11.24"]
[SourceQuality "1"]

1. e4 e5 2. Nf3 Nc6 3. Bb5 a6 4. Ba4 Bc5 5. 0-0 Nf6 6. Nxe5 Nxe5 7. d4 Bxd4 8. Qxd4 Nc6 9. Bxc6 dxc6 10. Qxd8+ Kxd8 11. Bg5 h6 12. Bxf6+ gxf6 13. Nc3 Be6 14. Rad1+ Ke7 15. f4 Rad8 16. f5 Rxd1 17. Rxd1 Bc8 18. Kf2 Rg8 19. Rd3 b6 20. Rh3 Rh8 21. Nd1 c5 22. Nc3 Bb7 23. Rd3 c4 24. Rd4 b5 25. Nd5+ Bxd5 26. Rxd5 Rd8 27. Rxd8 Kxd8 28. Ke3 c5 29. Kf4 Ke7 30. e5 b4 31. c3 a5 32. a4 Kd7 33. Ke4 Kc6 34. e6 fxe6 35. fxe6 Kd6 36. e7 Kxe7 37. Kd5 bxc3 38. bxc3 h5 39. Kxc5 Ke6 40. Kxc4 Kd6 41. Kb5 Kd5 42. c4+ Kd6 43. c5+ Kd5 44. c6 1-0